000 00658nam a22002177a 4500
003 UA-OsUOA
001 58720
007 ta
008 20090219b un ||||| |||| 00| 0 ukr d
090 _a81'373.6:81'373
_bС88
942 _cBK
040 _aUA-OsUOA
_bukr
_cUA-OsUOA
_dUA-OsUOA
245 _aСтудії з ономастики та етимології
_cЖелєзняк І. М.
300 _a436 с.
955 _a2
041 _aukr
080 _a81'373.6:81'373
260 _aК.
_c2007
650 7 _a8 Мовознавство. Художня література. Літературознавство
_2UDC
999 _c344779
_d344779